Elements with The Same First Three Letters - Statistics

General Stats
  • This quiz has been taken 25 times
  • The average score is 4 of 9
Answer Stats
Answer % Correct
RADRadon | Radium
63%
CALCalcium | Californium
56%
YTTYttrium | Ytterbium
56%
COPCopper | Copernicium
50%
PROPromethium | Protactinium
44%
RUTRuthenium | Rutherfordium
44%
SILSilicon | Silver
44%
BERBeryllium | Berkelium
38%
NEONeon | Neodymium
38%
No matching quizzes found
Score Distribution
Percent of People with Each Score
Percentile by Number Answered
Your Score History
You have not taken this quiz